000
00291nam a2200121Ia 4500
008
190902s9999||||xx |||||||||||||| ||und||
020
_a
0-07-047823-6
100
_a
Drucker
245
0
_a
Innovation and Entrepreneurship
260
_a
India
_b
McGraw Hill
_c
1985
300
_a
285
942
_c
BK
999
_c
2857
_d
2857